Statistics for Coin Flip #2

Click here to take the quiz!

General Stats

  • This quiz has been taken 2 times
  • The average score is 7 of 20

Answer Stats

QuestionAnswer% Correct
Heads or tails?Heads
100%
Heads or tails?Heads
50%
Heads or tails?Heads
50%
Heads or tails?Heads
50%
Heads or tails?Heads
50%
Heads or tails?Heads
50%
Heads or tails?Heads
50%
Heads or tails?Tails
50%
Heads or tails?Tails
50%
Heads or tails?Tails
50%
Heads or tails?Tails
50%
Heads or tails?Tails
50%
Heads or tails?Tails
50%
Heads or tails?Tails
0%
Heads or tails?Tails
0%
Heads or tails?Tails
0%
Heads or tails?Tails
0%
Heads or tails?Tails
0%
Heads or tails?Tails
0%
Heads or tails?Tails
0%

Score Distribution

Percentile by Number Answered

Percent of People with Each Score

Your Score History

You have not taken this quiz